Lanean...
Islaaminte charithrparamaaya pank /
| Egile nagusia: | |
|---|---|
| Formatua: | Printed Book |
| Hizkuntza: | Malayalam |
| Argitaratua: |
Kozhikode :
Olive publications ,
2005.
|
| LEADER | 00501nam a2200145Ia 4500 | ||
|---|---|---|---|
| 008 | 150624b xxu||||| |||| 00| | mal d | ||
| 082 | |a 297 | ||
| 100 | |a Roy, M. N. | ||
| 245 | |c M. N. Roy |a Islaaminte charithrparamaaya pank / | ||
| 260 | |a Kozhikode : |b Olive publications , |c 2005. | ||
| 300 | |a 121 p. | ||
| 546 | |a In Malayalam. | ||
| 942 | |c BK | ||
| 999 | |c 85596 |d 85596 | ||
| 952 | |0 0 |1 0 |4 0 |6 297_000000000000000_ROY_I_M |7 0 |9 85540 |a UL |b UL |c ST1 |d 2007-11-06 |e OLI |l 0 |o 297 ROY/I M |p 81305 |r 2012-10-27 |v 60.00 |w 2012-10-27 |y BK | ||